| 000 | 00755nam a2200217 a 4500 | ||
|---|---|---|---|
| 001 | 000006442 | ||
| 005 | 20200929153930.0 | ||
| 008 | 980916s1998 ve b 000 0 spa | ||
| 040 |
_aDO-SdBNP _bspa _cBNPHU |
||
| 082 |
_a928.87 _bA185G, 1998 |
||
| 100 | 1 |
_aGarcía, Rosalina, _d1967- _917886 |
|
| 245 | 1 | 0 |
_aCecilio Acosta : _bselección antológica / _cRosalina García. |
| 250 | _a2a ed. | ||
| 260 |
_aLos Teques, Venezuela : _bFundacion Universitaria "Cecilio Acosta", _c1998. |
||
| 300 |
_a57 p. ; _c21 cm. |
||
| 500 | _aHomenaje a Cecilio Acosta en los 180 años de su nacimiento. | ||
| 504 | _aBibliográficas: p. 57 | ||
| 600 | 1 | 4 |
_aACOSTA, CECILIO, _d1818-1881. _917887 |
| 650 | 4 |
_aPoesía venezolana _94230 |
|
| 650 | 4 |
_aLiteratura venezolana _93816 |
|
| 999 |
_c6237 _d6237 |
||